Olympique Lyonnais Squad 2025-2026 - Statistics

General Stats
  • This quiz has been taken 173 times
    29 since last reset
  • The average score is 23 of 29
Answer Stats
# Position Nation Player % Correct
22 DF Angola Clinton Mata
100%
1 GK Slovakia Dominik Greif
100%
3 DF Argentina Nicolás Tagliafico
100%
10 MF Czech Republic Pavel Šulc
100%
98 DF England Ainsley Maitland-Niles
96%
8 MF France Corentin Tolisso
96%
9 FW Brazil Endrick
96%
37 FW Ghana Ernest Nuamah
96%
6 MF United States Tanner Tessmann
96%
7 MF Czech Republic Adam Karabec
92%
19 DF Senegal Moussa Niakhaté
92%
16 DF Brazil Abner
88%
17 FW Portugal Afonso Moreira
88%
20 FW Uruguay Martín Satriano
88%
- Coach Portugal Paulo Fonseca
88%
40 GK France Rémy Descamps
88%
21 DF Netherlands Ruben Kluivert
88%
11 FW Belgium Malick Fofana
85%
23 MF England Tyler Morton
85%
99 MF Denmark Noah Nartey
81%
5 MF Belgium Orel Mangala
69%
77 FW Ukraine Roman Yaremchuk
69%
33 DF Netherlands Hans Hateboer
65%
18 FW Algeria Rachid Ghezzal
65%
32 FW England Alejandro Gomes Rodríguez
50%
29 FW France Enzo Molebe
50%
85 DF France Noham Kamara
46%
41 DF Croatia Téo Barišić
46%
36 DF Morocco Achraf Laâziri
35%
No matching quizzes found
Score Distribution
Percent of People with Each Score
Percentile by Number Answered
Your Score History
You have not taken this quiz since the last reset